| 000 | 00866nam a2200241Ia 4500 | ||
|---|---|---|---|
| 008 | 130821s2004 ck a gr spa | ||
| 020 | _a9587013840 | ||
| 040 |
_aCo-BoUCM _bspa |
||
| 041 | 0 | 0 | _aspa |
| 060 | _aWS 105.5.F2 | ||
| 100 | 1 | _aBejarano Beltrán, Nancy Lucía | |
| 245 | 1 | 0 |
_aPreparación para la maternidad y paternidad un proyecto de vida _cNancy Lucía Bejarano Beltrán y Martha Patricia Bejarano Beltrán |
| 260 |
_aBogotá (Colombia) _bUniversidad Nacional de Colombia _c2004 |
||
| 300 |
_a223 páginas _bilustraciones |
||
| 504 | _aIncluye bibliografía | ||
| 650 | 0 | 4 |
_aEmbarazo _914001 |
| 650 | 0 | 4 |
_aMaternidad _97815 |
| 650 | 0 | 4 |
_aPadres e hijos _920984 |
| 650 | 0 | 4 | _aPaternidad (Psicología) |
| 650 | 0 | 4 |
_aPediatría _921221 |
| 700 | 1 | _aBejarano Beltrán, Martha Patricia | |
| 942 |
_cLIBRO _a15 _e1 _mB423p _2NLM _hWS 105.5.F2 _n0 |
||
| 999 |
_c57306 _d57306 |
||